|
|
|
|
| LEADER |
00000nam a22000007a 4500 |
| 005 |
2017082509219.0 |
| 007 |
cr|||| |||| |
| 008 |
170825s2011 mx |||||s||||f00||0 spa d |
| 020 |
|
|
|a 978-607-7919-25-4
|
| 035 |
|
|
|a 20443
|
| 040 |
|
|
|a vLex
|
| 090 |
|
|
|c 6849
|d 6849
|
| 100 |
1 |
|
|a Lǒnard, Eric
|
| 245 |
1 |
4 |
|a De la integracin̤ nacional al desarrollo sustentable
|h [Recurso electrn̤ico] /
|c Eric Lǒnard, Jean Foyer
|
| 256 |
|
|
|a Servicio en ln̕ea
|
| 260 |
|
|
|a Ciudad de Mx̌ico:
|b Cm̀ara de Diputados,
|c 2011
|
| 300 |
|
|
|a 1 recurso electrn̤ico
|
| 500 |
|
|
|a Trayectoria Nacional y Produccin̤ Local de la Polt̕ica Rural en Mx̌ico.
|
| 506 |
1 |
|
|a Disponible solo en los productos indicados
|d vLex Global
|d vLex Global (Academic Edition, excluding Law Schools)
|d vLex Global (U.S. Academic Edition, Law Schools)
|d vLex Global (U.S. Academic Edition, excluding Law Schools)
|d vLex Global (Academic Edition, Law Schools)
|
| 650 |
0 |
4 |
|a Derecho Pb︢lico y Administrativo
|z Mx̌ico
|
| 700 |
1 |
|
|a Foyer, Jean
|
| 740 |
0 |
|
|a vLex Libros (Servicio en ln̕ea)
|
| 856 |
4 |
0 |
|u http://vlex.com/source/integracion-nacional-al-desarrollo-sustentable-20443
|z Acceso restringido
|
| 942 |
|
|
|c BOOK
|
| 999 |
0 |
|
|a Public and Administrative Law
|